| 000 | 00412pab a2200169 454500 | ||
|---|---|---|---|
| 008 | 180718b2012 xxu||||| |||| 00| 0 eng d | ||
| 100 | _aBhatia, Harjeet Kaur | ||
| 245 | _aObjectives of commerce education | ||
| 260 | _c2012 | ||
| 300 | _ap.9-14. | ||
| 362 | _a18 June | ||
| 650 | _aCommerce education - India | ||
| 650 | _aCommerce education | ||
| 773 | _aUniversity News | ||
| 908 | _aN | ||
| 909 | _a96802 | ||
| 999 |
_c96802 _d96802 |
||